000
00333nam a2200133Ia 4500
008
191201s2004 xx 000 0 und d
100
_a
PRIYA, Madhu
245
0
_a
Fragrance An Innovative of Indian Textile
250
_a
1st
260
_a
N.Delhi
_b
Honesty Publisher
_c
2004
300
_a
176
650
_a
B.Tech(TE)
942
_2
ddc
_c
BK
999
_c
2514
_d
2514